Estudio sobre las organizaciones político-partidistas de las clases dominantes en Costa Rica: el Partido Liberación Nacional

保存先:
書誌詳細
第一著者: Salom Echeverría, Roberto
フォーマット: テキスト
出版事項: s.n.t. :
タグ: タグ追加
タグなし, このレコードへの初めてのタグを付けませんか!

MARC

LEADER 00000 a a2200000 04500
001 16316
003
040
090 |a 012900  
100 |a Salom Echeverría, Roberto  
245 |a Estudio sobre las organizaciones político-partidistas de las clases dominantes en Costa Rica: el Partido Liberación Nacional  
260 |a s.n.t. :  
300 |a 22 p.  
999 |c 14978  |d 14978